000 01172nam a22002657a 4500
003 BD-DhSAU
005 20220919183352.0
008 150613b2021 bg a|||| m||| 00| 0 eng d
040 _aBD-DhSAU
082 _222
_a581.35
_bR497
100 _aRista, Monira Sarker
_eRegistration # 14-06241
245 _aGenetic variability and interrelationship of yield and component characters in F10 generation of Brassica napus L. /
_bMS thesis
_cMonira Sarker Rista
260 _aSher-e-Bangla Agricultural University :
_bDepartment of Genetics and plant breeding,
_cJune, 2021
300 _aviii, 86 p. :
_bill. map, chart ;
_c30 cm.
500 _aMS thesis of Department of Genetics and Plant Breeding, Faculty of Agriculture, Sher-e-Bangla Agricultural University, Dhaka, Bangladesh
504 _aIncludes bibliographical reference.
590 _akobir
650 _aGenetics and plant breeding
650 _aF10 generation .
650 _aBrassica napus L
700 _aMahmud, Firiz
_eSuperviser
700 _aHossain, Md. Sarowar
_eCo-superviser
856 _uhttp://archive.saulibrary.edu.bd:8080/xmlui/handle/123456789/4199
942 _2ddc
_cTHESIS
999 _c16041
_d16040